000 00619nam a2200229Ia 4500
003 OSt
005 20221007072341.0
006 a|||||r|||| 00| 0
007 ta
008 221006b |||||||| |||| 00| 0 eng d
024 _a24,641
037 _cTextual
040 _aFLL
_cFLL
_beng
041 _2eng
_aeng
082 _aZ3wL51, K0
100 _aLincoln Anthony L.J.
_9690517
245 0 _aLord Eldon's Anecdote Book
260 _aLondon
_bStevens & Sons Ltd. England
_c1960
300 _axix,1-201p
_ccm.
942 _hZ3wL51, K0
_cTEXL
_2CC
999 _c1145823
_d1145823